Welcome to the Holygrace Academy Library

Please use search bar below to get started

CLASS X ENGLISH LANGUAGE & LITERATURE (Record no. 6884)

MARC details
000 -LEADER
fixed length control field 00304nam a22001337a 4500
020 ## - INTERNATIONAL STANDARD BOOK NUMBER
ISBN 9789356349049
082 ## - DEWEY DECIMAL CLASSIFICATION NUMBER
Classification number 425
Item number OSW/E
245 ## - TITLE STATEMENT
Title CLASS X ENGLISH LANGUAGE & LITERATURE
250 ## - EDITION STATEMENT
Edition statement 19
260 ## - PUBLICATION, DISTRIBUTION, ETC. (IMPRINT)
Place of publication AGRA
Name of publisher OSWALL BOOKS
300 ## - PHYSICAL DESCRIPTION
Number of Pages 335
650 ## - SUBJECT ADDED ENTRY--TOPICAL TERM
Topical Term QUESTION BANK - ENGLISH
Geographic subdivision DELHI
942 ## - ADDED ENTRY ELEMENTS (KOHA)
Koha item type Books
Holdings
Withdrawn status Lost status Collection code Home library Current library Shelving location Date acquired Source of acquisition Cost, normal purchase price Full call number Accession Number Koha item type
    Reference Main Library Main Library NEW SHELF WITH NEW ENTRY 27/09/2023 PUCHASE 599.00 425 OSW/E 12884 Books